| 000 | 00492nam a2200169 a 4500 | ||
|---|---|---|---|
| 005 | 20140412111315.0 | ||
| 008 | 010402s19uu xx 00 eng d | ||
| 050 |
_aTR(PS E _bIn1 1972 |
||
| 100 | _aLeSeig, Theo | ||
| 245 |
_aIn a people house / _cby Theo LeSeig ; illustrated by Roy McKie. |
||
| 260 |
_aNew York : _bA Bright & Early Book, _c1972. |
||
| 300 | _a1 v. (unp.) ; ill. | ||
| 440 | _aA Bright and Early Books | ||
| 650 | _aHouse-Fiction | ||
| 650 | _aReading | ||
| 999 |
_c104174 _d104174 |
||